000
00316nam a2200145Ia 4500
003
SGT
082
_a
658,GOE
100
_a
GOEL,SHELLY
245
_a
PRINCIPLES OF MANAGEMENT
260
_b
ARYA PUBLICATION
_a
NEW DELHI
_c
2009
300
_a
299p.
650
_a
MANAGEMENT
700
_a
oel,Rajesh
942
_2
ddc
_c
FCM
_0
3
999
_c
6348
_d
6348